00338nam a2200133 450000500170000010000300001724500270004726400260007430000170010033600220011733700240013933800240016399900170018720260530113853.01 aNews and Programme93147110aDesign & Architecture  1bBritish Councilc2006 a16 páginas atexto2rdacontent asin medio2rdamedia avolumen2rdacarrier c11539d11539